[Event "Tapolca op"]
[Site "Budapest"]
[Date "1997.??.??"]
[Round "8"]
[White "Shpiller, Nikolay"]
[Black "Antal, Gergely"]
[Result "1-0"]
[WhiteElo "2250"]
[BlackElo "2220"]
[PlyCount "73"]
[EventDate "1997.??.??"]
[EventType "swiss"]
[EventRounds "9"]
[EventCountry "HUN"]
[SourceTitle "EXT 2002"]
[Source "ChessBase"]
[SourceDate "2001.11.25"]
[SourceVersion "1"]
[SourceVersionDate "2001.11.25"]
[SourceQuality "1"]

1. e4 c5 2. c3 e6 3. d4 d5 4. exd5 exd5 5. Nf3 Bd6 6. dxc5 Bxc5 7. Bd3 Ne7 8. 0-0 0-0 9. Bf4 Ng6 10. Bg3 Bg4 11. h3 Bh5 12. Bxb8 Bxf3 13. Qxf3 Rxb8 14. Nd2 Bb6 15. Nb3 Qd6 16. Rad1 Bc7 17. g3 Ne5 18. Qg2 Nxd3 19. Rxd3 Qa6 20. Nc5 Qb5 21. Rxd5 Rbd8 22. Nd7 Qc6 23. Rfd1 Rfe8 24. Nc5 Rxd5 25. Qxd5 Qb6 26. b4 Rd8 27. Qf3 Rxd1+ 28. Qxd1 g6 29. Qd5 Qf6 30. Qxb7 Bb6 31. Ne4 Qe6 32. Qb8+ Kg7 33. Qf4 f5 34. Nd6 Qxa2 35. Qe5+ Kh6 36. Nxf5+ Kg5 37. Ne3+ 1-0

[Event "Tapolca op"]
[Site "Budapest"]
[Date "1997.??.??"]
[Round "6"]
[White "Shpiller, Nikolay"]
[Black "Rozsnyai, Tibor"]
[Result "1-0"]
[WhiteElo "2250"]
[BlackElo "2185"]
[PlyCount "65"]
[EventDate "1997.??.??"]
[EventType "swiss"]
[EventRounds "9"]
[EventCountry "HUN"]
[SourceTitle "EXT 2002"]
[Source "ChessBase"]
[SourceDate "2001.11.25"]
[SourceVersion "1"]
[SourceVersionDate "2001.11.25"]
[SourceQuality "1"]

1. e4 c5 2. c3 d6 3. d4 Qc7 4. Bd3 g6 5. Nf3 Bg7 6. 0-0 Nc6 7. Be3 b6 8. Na3 Bd7 9. d5 Nd8 10. Bf4 f6 11. Nb5 Qb8 12. b4 a6 13. Na3 cxb4 14. cxb4 b5 15. Nc2 Nh6 16. Qd2 Nhf7 17. Nfd4 Ne5 18. Be2 0-0 19. Bh6 Bxh6 20. Qxh6 Ndf7 21. Qd2 Rc8 22. Ne3 Ra7 23. a4 Nc4 24. Bxc4 bxc4 25. Qc3 Rb7 26. Rfb1 Ne5 27. g3 Nd3 28. Nec2 Nc5 29. Qxc4 Kh8 30. Re1 Nxa4 31. Nc6 Bxc6 32. dxc6 Rxc6 33. Qxc6 1-0

[Event "Gyongyos op"]
[Site "Gyongyos"]
[Date "1996.??.??"]
[Round "?"]
[White "Shpiller, Nikolay"]
[Black "Juhasz, Bela"]
[Result "1-0"]
[WhiteElo "2300"]
[BlackElo "2220"]
[PlyCount "120"]
[EventDate "1996.07.??"]
[EventType "swiss"]
[EventRounds "9"]
[EventCountry "HUN"]
[SourceTitle "EXT 2004"]
[Source "ChessBase"]
[SourceDate "2003.11.25"]
[SourceVersion "1"]
[SourceVersionDate "2003.11.25"]
[SourceQuality "1"]

1. e4 c5 2. Nf3 e6 3. c3 d5 4. exd5 Qxd5 5. d4 Nf6 6. a3 Be7 7. Be2 0-0 8. 0-0 Nc6 9. Be3 Ng4 10. Bf4 b6 11. b4 Rd8 12. b5 Na5 13. h3 Nf6 14. Ne5 cxd4 15. Bf3 Qxb5 16. Bxa8 Ba6 17. Bf3 Qb2 18. Nd2 Bxf1 19. Qxf1 dxc3 20. Ndc4 Nxc4 21. Nxc4 Qb3 22. Be5 c2 23. Rc1 Rc8 24. Bd6 Bd8 25. Ne3 Ne8 26. Be5 Rc5 27. Bd4 Rc8 28. Qe2 Qxa3 29. Rxc2 Rxc2 30. Qxc2 Qd6 31. Bb2 Bc7 32. Qc6 Kf8 33. Nc4 Qxc6 34. Bxc6 Ke7 35. Ba3+ Nd6 36. Kf1 f6 37. Ke2 e5 38. Kd3 Ke6 39. Nxd6 Bxd6 40. Bxd6 Kxd6 41. Be4 g6 42. Kc4 f5 43. Bb7 e4 44. Kd4 Ke6 45. Ba6 Kf6 46. Kd5 g5 47. g4 Kg6 48. Bb5 Kf6 49. Bd7 fxg4 50. hxg4 a5 51. Kxe4 h6 52. Ba4 Kg6 53. Ke5 h5 54. Be8+ Kh6 55. Bxh5 a4 56. Kd4 a3 57. Kd3 b5 58. Kc2 b4 59. Bf7 Kg7 60. Bd5 Kf6 1-0

[Event "Gyongyos op"]
[Site "Gyongyos"]
[Date "1996.??.??"]
[Round "?"]
[White "Shpiller, Nikolay"]
[Black "Szabo, Zsolt"]
[Result "0-1"]
[WhiteElo "2300"]
[BlackElo "2265"]
[PlyCount "122"]
[EventDate "1996.07.??"]
[EventType "swiss"]
[EventRounds "9"]
[EventCountry "HUN"]
[SourceTitle "EXT 2004"]
[Source "ChessBase"]
[SourceDate "2003.11.25"]
[SourceVersion "1"]
[SourceVersionDate "2003.11.25"]
[SourceQuality "1"]

1. e4 c5 2. c3 Nf6 3. e5 Nd5 4. d4 cxd4 5. cxd4 e6 6. Nf3 b6 7. a3 Be7 8. Bd3 Ba6 9. 0-0 0-0 10. Nc3 Nxc3 11. bxc3 Bxd3 12. Qxd3 d5 13. exd6 Qxd6 14. Bb2 Nc6 15. Rfd1 Rfd8 16. Qe2 Na5 17. c4 Rac8 18. Rac1 Bf6 19. c5 Qd5 20. cxb6 Rxc1 21. Rxc1 axb6 22. h3 Nb3 23. Rc4 Be7 24. Qc2 b5 25. Rc8 f6 26. Rc7 Bd6 27. Rc8 Rxc8 28. Qxc8+ Kf7 29. Qd7+ Be7 30. Qc7 Qc4 31. Qxc4 bxc4 32. Kf1 Bd8 33. Ke2 Ba5 34. Kd1 Ke7 35. Kc2 Kd6 36. Bc3 Bb6 37. Nd2 Nxd2 38. Kxd2 Kd5 39. a4 Bxd4 40. f3 e5 41. Bb4 f5 42. Be7 e4 43. a5 Kc6 44. Bd8 Kb5 45. Bc7 g6 46. Bd8 Kc6 47. fxe4 fxe4 48. Bg5 Kb5 49. Bd8 h6 50. Bc7 Kc6 51. Bf4 Kb5 52. Bc7 Bc5 53. h4 Kc6 54. Bf4 h5 55. Kc3 Kb5 56. Bc7 Bf2 57. Bd8 e3 58. Bb6 Be1+ 59. Kd4 Bxa5 60. Bxa5 Kxa5 61. Kxe3 Kb4 0-1